00819nam a22002177a 4500999001900000005001700019010001500036020002600051035001400077037001300091082001100104100002700115245008900142260005300231270008600284300003300370700002400403700001700427942002500444952013200469 c188366d18836620220519155737.0 aENG-132714 a9789389740806c450.00 aEN-116246 bDBAD/PUB a371.33 aIllam, Jayan Erancheri aInnovations in Education/cJayan Erancheri Illam, Saritha Namboodiri and Bhavya P.V. aNew DelhibNeelkamal Publications Pvt. Ltdc2021 a# 4764/1, 23, Ansari Road, DaryaganjbNew Delhie110002mneelkamalbooks@gmail.com axiv, 137p.bIndexc25cm(hbk) aNamboodiri, Saritha aP.V., Bhavya 2ddccENh371.33mILL 001040708FICaAVbAVd2022-05-19eDBAD/PUBg450.00l1o371.33 ILLpEN-116246r2023-03-13 00:00:00s2023-02-04t1v450.00yEN